000 00453nam a2200157 4500
001 122840
003 ES-MaACL
005 20230906192042.0
007 t|
008 070214s1934 cu r ||||0| spa d
110 2 _aPartido Revolucionario Cubano Auténtico.
_96152
245 1 0 _aPrograma constitucional del Partido Revolucionario Cubano Auténtico.
260 _a[S. l :
_bs. n.],
_c1934.
300 _a32 p ;
_c20 cm.
852 _aES-MaACL
_j1800-F-7
999 _c122840
_d122840